Life. Intermediate. Teacher's book /

Saved in:
Bibliographic Details
Main Authors Barber, Daniel, 1972- (Author), Sayer, Mike (Author)
Format Book
LanguageEnglish
Published Australia ; Brazil ; Canada ; Mexico ; Singapore ; United Kingdom ; United States : National Geographic Learning, [2025]
EditionThird edition
Subjects
ISBN979-8-214-18090-8
Physical Description336 stran : barevné ilustrace ; 30 cm

Cover

LEADER 00000nam a2200000 i 4500
001 115669
003 CZ-ZlUTB
005 20260529085400.0
007 ta
008 260519t20252025at a e fp 000 0 eng d
020 |a 979-8-214-18090-8  |q (kroužková vazba) 
040 |a ZLD002  |b cze  |e rda 
044 |a at  |a bl  |a xxc  |a mx  |a si  |a xxk  |a xxu 
072 7 |a 811.111  |x Angličtina  |2 Konspekt  |9 11 
072 7 |a 37.016  |x Učební osnovy. Vyučovací předměty. Učebnice  |2 Konspekt  |9 22 
080 |a 811.111  |2 MRF 
080 |a (07.063)81  |2 MRF 
080 |a (072)  |2 MRF 
100 1 |a Barber, Daniel,  |d 1972-  |7 pna2017965112  |4 aut 
245 1 0 |a Life.  |p Intermediate.  |p Teacher's book /  |c Daniel Barber and Mike Sayer 
250 |a Third edition 
264 1 |a Australia ;  |a Brazil ;  |a Canada ;  |a Mexico ;  |a Singapore ;  |a United Kingdom ;  |a United States :  |b National Geographic Learning,  |c [2025] 
264 4 |c ©2025 
300 |a 336 stran :  |b barevné ilustrace ;  |c 30 cm 
336 |a text  |b txt  |2 rdacontent 
337 |a bez média  |b n  |2 rdamedia 
338 |a svazek  |b nc  |2 rdacarrier 
650 0 7 |a angličtina  |7 ph114056  |2 czenas 
650 0 9 |a English language  |2 eczenas 
655 7 |a jazykové učebnice, texty, příručky (B)  |7 fd600891  |2 czenas 
655 7 |a metodické příručky  |7 fd132826  |2 czenas 
655 9 |a language textbooks, texts, handbooks (B)  |2 eczenas 
655 9 |a methodological manuals  |2 eczenas 
700 1 |a Sayer, Mike  |7 xx0061642  |4 aut 
910 |a ZLD002 
942 |2 udc 
952 |0 0  |1 0  |4 0  |5 0  |6 8020BARBERD  |7 0  |8 BOOK  |9 191209  |a UTBZL  |b UTBZL  |c 019  |d 2026-05-19  |l 0  |o 802.0/BARBER,D.  |p 420010202142  |r 2026-05-19 10:27:55  |v 1020.00  |w 2026-05-19  |x N:nákup  |y 08 
992 |a BK  |b SK 
999 |c 115669  |d 115669